000
00234nam a2200097 a 4500
005
20200930070411.0
008
110902s1894 000 spa d
245
0
_a
Opera minora : Christophe Colomb.
260
_c
1894.
999
_c
33121
_d
33121
040
_a
DO-SdBNP